| 000 | 00000nam##2200000za#4500 |
| 001 | 9.614536 |
| 003 | CaOODSP |
| 005 | 20210615100910 |
| 007 | ta |
| 008 | 150406|1998||||xxc||||| f|0| 0 eng|d |
| 020 | |a0-662-27147-5 |
| 040 | |aCaOODSP|beng |
| 043 | |an-cn--- |
| 086 | 1 |aF21-6/1998-8-2E |
| 110 | 1 |aCanada.|bDepartment of Finance.|bTask Force on the Future of the Canadian Financial Services Sector. |
| 245 | 10|aConsumers in the financial services sector : |bvolume 2: international experience / |cEdited by Robert R. Kerton. |
| 260 | |aOttawa - Ontario : |bFinance Canada. |c1998. |
| 300 | |a224p. ; |c28 cm. |
| 490 | 1 |aResearch paper prepared for the Task Force on the Future of the Canadian Financial Services Sector |
| 500 | |aN.B.: Incorrect catalogue number (BT22-61/3-1998E-8b) printed in this publication. |
| 563 | |aSoftcover |
| 590 | |a98-45|b1998-11-06 |
| 690 | 07|aConsumers|2gcpds |
| 720 | 1 |aKerton, Robert R. |
| 775 | 08|tLes consommateurs et le secteur des services financiers : |w(CaOODSP)9.624854 |
| 776 | 0#|tConsumers in the financial services sector. Volume 2, : |w(CaOODSP)9.572328 |
| 830 | #0|aResearch paper prepared for the Task Force on the Future of the Canadian Financial Services Sector.|w(CaOODSP)9.514612 |